Дело о переделке комнат в Зимнем дворце для Государственного совета и Комитета господ министров

Доступно только в Электронных читальных залах Найти на картеНа карте
RUSMARC
00003670nmc2a22002413x 450
0012dbb08c4-ea5f-4d56-bd0e-ca153b58c907
00520220827014024.0
100##$a20220407l18281829k l0rusy0189 ca
1010#$arus
102##$aRU
105##$ay###
1222#$ad
2001#$aДело о переделке комнат в Зимнем дворце для Государственного совета и Комитета господ министров
$j16 февраля 1828 г. - 21 октября 1829 г.
215##$a434 л.
$d36,5х26 см
251##$cДело
300##$aДело
371##$aДокумент не является опубликованным и широко распространяемым
461#0$1001625a9a7e-a890-4307-a7fe-826a2289a412
$12001
$aГоф-интенданская контора Министерства императорского двора
$1251
$cФонд
$1852
$j470
462#0$10013b995d6e-58fd-412c-9c29-c11444cea082
$12001
$aПо Зимнему дворцу
$1251
$cОпись
$1852
$j1
$l82-516
801#0$aRU
$bРГИА
$c20220407
$gRCR
801#1$aRU
$bГлавНИВЦ
$c20220407
$2rusmarc
801#2$aRU
$bПБ им. Б.Н. Ельцина
$c20220827
$gRCR
$2rusmarc
850##$aРГИА
852##$aРГИА
$eФедеральное казенное учреждение "Российский государственный исторический архив" (РГИА)
$j136
937##$hРГИА
$d12382125
$aASBIBLIO_SCAN
035##$aRusGRCC00042345
856##$uhttp://readingroom.main.prlib.ru/item.aspx?id_node=n178442169&mode=full
Формат отображения